书目信息 |
| 题名: |
一切都是最好的安排
|
|
| 作者: | 二白 著 | |
| 分册: | ||
| 出版信息: | 南昌 江西美术出版社 2017 |
|
| 页数: | 214页 | |
| 开本: | 21cm | |
| 丛书名: | ||
| 单 册: | ||
| 中图分类: | B848.4-49 | |
| 科图分类: | ||
| 主题词: | 成功心理--通俗读物 | |
| 电子资源: | ||
| ISBN: | 978-7-5480-4324-9 | |
| 000 | 00971nam0 2200241 450 | |
| 001 | 5653 | |
| 005 | 20180528214020.21 | |
| 010 | @a978-7-5480-4324-9@dCNY26.80 | |
| 100 | @a20170905d2017 em y0chiy50 ea | |
| 101 | 0 | @achi |
| 102 | @aCN@b360000 | |
| 105 | @aa z 000yy | |
| 200 | 1 | @a一切都是最好的安排@9yi qie dou shi zui hao de an pai@f二白著 |
| 210 | @a南昌@c江西美术出版社@d2017 | |
| 215 | @a214页@c照片@d21cm | |
| 300 | @a图文精华版 | |
| 314 | @a二白,女,一个毕业于清华大学,傲骄拒绝哈佛Offer的学霸。现为国内顶级建筑设计事务所的著名设计师。 | |
| 330 | @a本书围绕现代青年人在工作、生活、爱情、友情等各方面的励志故事展开,告诉大家一切的苦和痛、累和泪都是我们人生必经的过程,就像古人所说:“天将降大任,必先苦其心志”。在经历过这些挫折之后,我们必经迎来更好的人生,这一切都是上天给我们的最好的安排。 | |
| 606 | 0 | @a成功心理@j通俗读物 |
| 690 | @aB848.4-49@v5 | |
| 701 | 0 | @a二白@9er bai@4著 |
| 801 | 0 | @aCN@b91MARC@c20170905 |
| 905 | @aMuseLib@dB848.4@e1942 | |
| 一切都是最好的安排/二白著.-南昌:江西美术出版社,2017 |
| 214页:照片;21cm |
| 图文精华版 |
| ISBN 978-7-5480-4324-9:CNY26.80 |
| 本书围绕现代青年人在工作、生活、爱情、友情等各方面的励志故事展开,告诉大家一切的苦和痛、累和泪都是我们人生必经的过程,就像古人所说:“天将降大任,必先苦其心志”。在经历过这些挫折之后,我们必经迎来更好的人生,这一切都是上天给我们的最好的安排。 |
| ● |
| 相关链接 |
|
|
|
|
正题名:一切都是最好的安排
索取号:B848.4/1942
 
预约/预借
| 序号 | 登录号 | 条形码 | 馆藏地/架位号 | 状态 | 备注 |
| 1 | 1114162 | 211141628 | 第一借阅区/ [索取号:B848.4/1942] | 在馆 | |
| 2 | 1114163 | 211141637 | 教育系资料室/ [索取号:B848.4/1942] | 在馆 | |
| 3 | 1114164 | 211141646 | 教育系资料室/ [索取号:B848.4/1942] | 在馆 | |
| 4 | 1114165 | 211141655 | 教育系资料室/ [索取号:B848.4/1942] | 在馆 | |
| 5 | 1114166 | 211141664 | 第一借阅区/ [索取号:B848.4/1942] | 在馆 | |
| 6 | 1114167 | 211141673 | 第一借阅区/ [索取号:B848.4/1942] | 在馆 | |
| 7 | 996796 | 209967963 | 第一样本阅览室/ [索取号:B848.4/1942] | 在馆 | |
| 8 | 996797 | 209967972 | 第一借阅区/ [索取号:B848.4/1942] | 在馆 | |
| 9 | 996798 | 209967981 | 第一借阅区/ [索取号:B848.4/1942] | 在馆 | |
| 10 | 996799 | 209967990 | 第一借阅区/ [索取号:B848.4/1942] | 在馆 | |
| 11 | 996800 | 209968007 | 第一借阅区/ [索取号:B848.4/1942] | 在馆 | |
| 12 | 996801 | 209968016 | 史法系资料室/ [索取号:B848.4/1942] | 在馆 |